000 01193cam a2200313 a 4500
999 _c7176
_d7176
001 16751112
003 GBCCL
005 20241126110621.0
008 110426s2011 miu bd 001 0 eng
010 _a 2011017242
020 _a9780801034060 (cloth)
040 _aDLC
_cDLC
_dDLC
042 _apcc
050 0 0 _aBS680.E84
_bD53 2011
082 0 0 _a241.2
_223
_bDIC
245 0 0 _aDictionary of scripture and ethics /
_cJoel B. Green, general editor ; Jacqueline E. Lapsley, Rebekah Miles, and Allen Verhey, associate editors.
260 _aGrand Rapids, Mich. :
_bBaker Academic,
_cc2011.
300 _axix, 889 p. ;
_c27 cm.
504 _aIncludes bibliographical references and index.
650 0 _aEthics in the Bible
_vDictionaries.
_912691
650 0 _aChristian ethics
_xBiblical teaching
_vDictionaries.
_912692
700 1 _aGreen, Joel B.,
_d1956-
_92475
700 1 _aLapsley, Jacqueline E.,
_d1965-
_912693
700 1 _aMiles, Rebekah,
_d1960-
_912694
700 1 _aVerhey, Allen.
_912695
906 _a7
_bcbc
_corignew
_d1
_eecip
_f20
_gy-gencatlg
942 _2ddc
_cREF